[Event "Copenhagen Obro CXU New Year op"]
[Site "Copenhagen"]
[Date "2024.12.30"]
[Round "7"]
[White "Saravana, Vedant Kumar"]
[Black "Zander, Emil"]
[Result "1/2-1/2"]
[WhiteElo "2021"]
[BlackElo "2214"]
[PlyCount "101"]
[EventDate "2024.12.27"]
[EventType "swiss"]
[EventRounds "7"]
[EventCountry "DEN"]
[SourceTitle "CB01_2025"]
[SourceDate "2025.01.01"]
[SourceVersion "1"]
[SourceVersionDate "2025.01.01"]
[SourceQuality "1"]

1. e4 c5 2. Nf3 d6 3. d4 cxd4 4. Nxd4 Nf6 5. Nc3 a6 6. g3 e5 7. Nf3 Be7 8. Bg2 0-0 9. 0-0 Be6 10. Re1 b5 11. Bg5 Nbd7 12. Nd5 Bxd5 13. exd5 Nb6 14. Nh4 Qd7 15. Be3 Nc4 16. Bc1 Ne8 17. Nf3 f5 18. b3 Nb6 19. Ng5 Bxg5 20. Bxg5 Qc7 21. Rc1 Nf6 22. c4 bxc4 23. bxc4 Nbd7 24. c5 Nxc5 25. Rxe5 h6 26. Bxf6 Rxf6 27. Re6 Raf8 28. Rxf6 Rxf6 29. Qe2 Rf8 30. Rb1 a5 31. Qb5 a4 32. Qc6 Qe7 33. Qb5 f4 34. Qf1 f3 35. Bh3 Re8 36. Bg4 Qe4 37. h3 a3 38. Qd1 Rf8 39. Rc1 Rf7 40. Rc3 Rb7 41. Qxf3 Qe1+ 42. Kg2 Rf7 43. Re3 Rxf3 44. Rxe1 Rd3 45. Re3 Kf7 46. Kf3 Kf6 47. Ke2 Rxe3+ 48. Kxe3 Ke5 49. Bh5 Na6 50. Be2 Nb4 51. Bc4 1/2-1/2

[Event "Copenhagen Atina op"]
[Site "Copenhagen"]
[Date "2024.11.08"]
[Round "2"]
[White "Saravana, Vedant Kumar"]
[Black "Jalving, August"]
[Result "0-1"]
[WhiteElo "2022"]
[BlackElo "2205"]
[PlyCount "98"]
[EventDate "2024.11.08"]
[EventType "swiss"]
[EventRounds "7"]
[EventCountry "DEN"]
[SourceTitle "CB45_2024"]
[Source "ChessBase"]
[SourceDate "2024.11.06"]
[SourceVersion "1"]
[SourceVersionDate "2024.11.06"]
[SourceQuality "1"]

1. e4 c5 2. Nf3 d6 3. d4 cxd4 4. Nxd4 Nf6 5. Nc3 a6 6. Be2 e5 7. Nb3 Be7 8. Be3 Be6 9. 0-0 0-0 10. Qd2 Nc6 11. a3 b5 12. Bf3 Ng4 13. Bxg4 Bxg4 14. Nd5 Be6 15. Bb6 Qd7 16. Rad1 Bxd5 17. Qxd5 Rab8 18. Be3 Rfd8 19. f4 Bf6 20. Bc5 exf4 21. Bxd6 Rbc8 22. Kh1 Qe8 23. Qf5 Bxb2 24. Qxf4 f6 25. Bc5 Be5 26. Qf3 a5 27. Bb6 Rxd1 28. Rxd1 a4 29. Na5 Nxa5 30. Bxa5 Rxc2 31. Qd3 Rc8 32. Qd5+ Kh8 33. g3 h6 34. Qb7 Rb8 35. Qa7 Qh5 36. Rd3 Rc8 37. Qe3 Rc2 38. Rd2 Rxd2 39. Bxd2 Qd1+ 40. Kg2 Qb3 41. Qc5 Qb2 42. Qe3 b4 43. axb4 a3 44. Kh3 a2 45. Bc1 Qxb4 46. Qa7 a1Q 47. Qf7 Qxe4 48. Qe8+ Kh7 49. Bf4 Qf5+ 0-1

[Event "Esbjerg Autumn 7th"]
[Site "Esbjerg"]
[Date "2024.10.20"]
[Round "6"]
[White "Guindy, Esmat Susanne"]
[Black "Saravana, Vedant Kumar"]
[Result "1-0"]
[WhiteElo "2000"]
[BlackElo "2115"]
[PlyCount "117"]
[EventDate "2024.10.18"]
[EventType "swiss"]
[EventRounds "7"]
[EventCountry "DEN"]
[SourceTitle "CB43_2024"]
[Source "Chessbase"]
[SourceDate "2024.10.23"]
[SourceVersion "1"]
[SourceVersionDate "2024.10.23"]
[SourceQuality "1"]

1. d4 d5 2. c4 c6 3. g3 Nf6 4. Bg2 dxc4 5. Nc3 e6 6. Nf3 Nbd7 7. a4 a5 8. 0-0 Bb4 9. Qc2 Qe7 10. e4 e5 11. d5 0-0 12. Rd1 Rd8 13. Be3 Nc5 14. dxc6 Rxd1+ 15. Rxd1 bxc6 16. Na2 Nd3 17. Nxb4 axb4 18. b3 Bg4 19. Qxc4 Nb2 20. Qxc6 Rc8 21. Qd6 Qxd6 22. Rxd6 Nxe4 23. Rd5 Nc3 24. Rd2 e4 25. h3 exf3 26. hxg4 fxg2 27. Rxb2 Ne4 28. Kxg2 Kf8 29. Kf3 Nc3 30. Rc2 Ke8 31. Bd4 f6 32. Bxc3 bxc3 33. Ke2 Kd7 34. Kd3 Rc6 35. Rxc3 Rd6+ 36. Ke2 Re6+ 37. Re3 Rc6 38. Kd2 g6 39. Rc3 Rb6 40. Kc2 h5 41. gxh5 gxh5 42. Rc5 Re6 43. Kd3 Rd6+ 44. Kc4 Ke6 45. Rxh5 Rd2 46. a5 Rxf2 47. a6 Ra2 48. Kb5 Ra3 49. b4 Rxg3 50. Kb6 f5 51. a7 Ra3 52. Rh8 f4 53. a8Q Rxa8 54. Rxa8 f3 55. Kc7 Ke7 56. Ra3 f2 57. Re3+ Kf7 58. Rf3+ Kg7 59. b5 1-0

[Event "Esbjerg Autumn 7th"]
[Site "Esbjerg"]
[Date "2024.10.20"]
[Round "7"]
[White "Saravana, Vedant Kumar"]
[Black "Desevac, Damir"]
[Result "1-0"]
[WhiteElo "2115"]
[BlackElo "1898"]
[PlyCount "33"]
[EventDate "2024.10.18"]
[EventType "swiss"]
[EventRounds "7"]
[EventCountry "DEN"]
[SourceTitle "CB43_2024"]
[Source "Chessbase"]
[SourceDate "2024.10.23"]
[SourceVersion "1"]
[SourceVersionDate "2024.10.23"]
[SourceQuality "1"]

1. e4 e5 2. Nf3 Nc6 3. Bc4 Be7 4. c3 Nf6 5. d3 0-0 6. 0-0 d6 7. Re1 h6 8. Nbd2 Be6 9. Bb3 Bxb3 10. axb3 a5 11. Nc4 b6 12. Bd2 Nd7 13. Ne3 Nc5 14. Bc1 Kh7 15. d4 exd4 16. cxd4 Nxe4 17. Qc2 1-0

[Event "Esbjerg Autumn 7th"]
[Site "Esbjerg"]
[Date "2024.10.18"]
[Round "3"]
[White "Lindgaard, Tobias Simon"]
[Black "Saravana, Vedant Kumar"]
[Result "0-1"]
[WhiteElo "1844"]
[BlackElo "2115"]
[PlyCount "108"]
[EventDate "2024.10.18"]
[EventType "swiss"]
[EventRounds "7"]
[EventCountry "DEN"]
[SourceTitle "CB43_2024"]
[Source "Chessbase"]
[SourceDate "2024.10.23"]
[SourceVersion "1"]
[SourceVersionDate "2024.10.23"]
[SourceQuality "1"]

1. g3 e5 2. Bg2 d6 3. c4 f5 4. Nc3 Nf6 5. e3 Be7 6. Nge2 0-0 7. d4 c6 8. 0-0 Na6 9. Qb3 Kh8 10. Rd1 Qc7 11. Bd2 Be6 12. Rac1 Qb6 13. Qxb6 axb6 14. d5 Bd7 15. a3 Nc5 16. Be1 e4 17. Nd4 Nd3 18. Rxd3 exd3 19. Rd1 cxd5 20. cxd5 Rfe8 21. Rxd3 Rac8 22. Rd1 Bf8 23. Nce2 g5 24. Bc3 Bg7 25. Bh3 g4 26. Bg2 Ne4 27. Bxe4 fxe4 28. Nf4 Be5 29. Kg2 Kg8 30. Nh5 Kf7 31. Rf1 Rc5 32. Nf4 Bxf4 33. gxf4 Rxd5 34. b4 Rc8 35. Bb2 Rh5 36. Rd1 Rg8 37. Ne2 g3 38. Nxg3 Ke7 39. Bd4 Bg4 40. Rc1 Bf3+ 41. Kg1 Rb5 42. Kf1 Kd7 43. Ke1 h5 44. Rc4 h4 45. Ne2 Ra8 46. Nc3 Rf5 47. Nb1 d5 48. Rc3 Rg8 49. Rc1 Rg1+ 50. Kd2 Rg2 51. Ke1 Rxh2 52. Bxb6 Rh1+ 53. Kd2 Rxc1 54. Kxc1 h3 0-1

[Event "Copenhagen Obro New Year op"]
[Site "Copenhagen"]
[Date "2022.12.27"]
[Round "1"]
[White "Nielsen, Viktor Haarmark"]
[Black "Saravana, Vedant Kumar"]
[Result "1-0"]
[WhiteElo "2379"]
[BlackElo "1927"]
[PlyCount "89"]
[EventDate "2022.12.27"]
[EventType "swiss"]
[EventRounds "7"]
[EventCountry "DEN"]
[SourceTitle "CBM 211 Extra"]
[Source "ChessBase"]
[SourceDate "2023.01.31"]
[SourceVersion "1"]
[SourceVersionDate "2023.01.31"]
[SourceQuality "1"]

1. d4 d5 2. c4 c6 3. Nf3 Nf6 4. Qc2 e6 5. g3 Bd6 6. Bg2 Nbd7 7. 0-0 0-0 8. Nbd2 Re8 9. Rd1 Qc7 10. b3 b6 11. Bb2 Bb7 12. e4 dxe4 13. Nxe4 Nxe4 14. Qxe4 c5 15. Qe2 Rad8 16. Rd2 Be7 17. Rad1 Bf6 18. dxc5 bxc5 19. Bxf6 Nxf6 20. Ne5 Bxg2 21. Kxg2 Rxd2 22. Rxd2 Rd8 23. Rxd8+ Qxd8 24. Qe3 Qc7 25. g4 h6 26. h4 h5 27. g5 Ng4 28. Nxg4 hxg4 29. Qe4 Qa5 30. h5 Qd8 31. Qxg4 f5 32. Qf4 Qb6 33. g6 Qb7+ 34. Qf3 Qc8 35. Qf4 Qc6+ 36. Kh2 Qb6 37. Qe5 Kf8 38. h6 gxh6 39. Qf6+ Ke8 40. Qf7+ Kd8 41. g7 Qd6+ 42. Kg2 Qc6+ 43. Kg1 Qd6 44. g8R+ Qf8 45. Rxf8# 1-0

[Event "Esbjerg 100 Years Weekend"]
[Site "Esbjerg"]
[Date "2022.10.23"]
[Round "6"]
[White "Saravana, Vedant Kumar"]
[Black "Knudsen, Martin Mosgaard"]
[Result "1/2-1/2"]
[WhiteElo "1869"]
[BlackElo "1968"]
[PlyCount "83"]
[EventDate "2022.10.21"]
[EventType "swiss"]
[EventRounds "7"]
[EventCountry "DEN"]
[SourceTitle "EXT 2024"]
[Source "ChessBase"]
[SourceDate "2023.10.10"]
[SourceVersion "1"]
[SourceVersionDate "2023.10.10"]
[SourceQuality "1"]

1. e4 c6 2. d4 d5 3. Nc3 dxe4 4. Nxe4 Nf6 5. Nxf6+ exf6 6. c3 Bd6 7. Bd3 0-0 8. Qc2 Re8+ 9. Ne2 h6 10. 0-0 Nd7 11. Be3 Nf8 12. Rac1 Bg4 13. h3 Bh5 14. Qd2 Bg6 15. Bxg6 Nxg6 16. c4 Ne7 17. Qd3 a6 18. Rfd1 Rc8 19. a4 Qa5 20. c5 Bb8 21. Nc3 Qc7 22. g3 Qd7 23. Kg2 Rcd8 24. Qe4 f5 25. Qf3 Ng6 26. d5 f4 27. dxc6 Qxc6 28. Qxc6 bxc6 29. Bd2 Bc7 30. b4 fxg3 31. fxg3 Be5 32. Be1 f5 33. b5 Bxc3 34. Bxc3 axb5 35. Rxd8 Rxd8 36. axb5 cxb5 37. Ba5 Rd4 38. c6 Ne7 39. c7 Rc4 40. Rb1 Rc5 41. Bb6 Rc2+ 42. Kf3 1/2-1/2

[Event "Koge Lang Jubilee Weekend Gr-2"]
[Site "Koge"]
[Date "2022.07.06"]
[Round "1"]
[White "Refsgaard, Kaj"]
[Black "Saravana, Vedant Kumar"]
[Result "0-1"]
[WhiteElo "1703"]
[BlackElo "1868"]
[PlyCount "36"]
[EventDate "2022.07.06"]
[EventType "tourn"]
[EventRounds "9"]
[EventCountry "DEN"]
[SourceTitle "EXT 2024"]
[Source "ChessBase"]
[SourceDate "2023.10.10"]
[SourceVersion "1"]
[SourceVersionDate "2023.10.10"]
[SourceQuality "1"]

1. d4 d5 2. Nf3 Nf6 3. Bf4 e6 4. e3 c5 5. c3 Nc6 6. Bd3 Bd6 7. Bg3 0-0 8. Nbd2 Re8 9. Rc1 b6 10. Bb1 Ba6 11. Qc2 cxd4 12. Nxd4 Nxd4 13. exd4 e5 14. Qa4 exd4+ 15. Kd1 Be2+ 16. Kc2 d3+ 17. Kb3 Ne4 18. Nf3 Nc5+ 0-1

[Event "Koge EMT op 3rd"]
[Site "Koge"]
[Date "2022.04.29"]
[Round "5"]
[White "Saravana, Vedant Kumar"]
[Black "Thuesen, Mogens Henrik"]
[Result "1-0"]
[WhiteElo "1877"]
[BlackElo "2224"]
[PlyCount "53"]
[EventDate "2022.04.29"]
[EventType "swiss"]
[EventRounds "5"]
[EventCountry "DEN"]
[SourceTitle "CBM 208 Extra"]
[Source "ChessBase"]
[SourceDate "2022.07.31"]
[SourceVersion "1"]
[SourceVersionDate "2022.07.31"]
[SourceQuality "1"]

1. e4 e6 2. d4 d5 3. e5 c5 4. c3 Qb6 5. Nf3 Bd7 6. Be2 Bb5 7. 0-0 Bxe2 8. Qxe2 Nc6 9. Rd1 cxd4 10. cxd4 Nge7 11. Na3 Nf5 12. Nc2 Be7 13. g4 Nh4 14. Nxh4 Bxh4 15. g5 h6 16. Qh5 Nxe5 17. gxh6 Ng6 18. hxg7 Rxh5 19. g8Q+ Ke7 20. Qxa8 Bxf2+ 21. Kxf2 Rxh2+ 22. Ke1 Qc7 23. Rd3 Rh1+ 24. Kd2 Nf4 25. Rc3 Rh2+ 26. Kd1 Rh1+ 27. Ne1 1-0

[Event "Copenhagen-ch Bronshoj op"]
[Site "Copenhagen"]
[Date "2022.02.11"]
[Round "1"]
[White "Saravana, Vedant Kumar"]
[Black "Jacobsen, Mikkel Manosri"]
[Result "0-1"]
[WhiteElo "1848"]
[BlackElo "2240"]
[PlyCount "90"]
[EventDate "2022.02.11"]
[EventType "swiss"]
[EventRounds "7"]
[EventCountry "DEN"]
[SourceTitle "EXT 2024"]
[Source "ChessBase"]
[SourceDate "2023.10.10"]
[SourceVersion "1"]
[SourceVersionDate "2023.10.10"]
[SourceQuality "1"]

1. e4 c5 2. Nf3 Nf6 3. Nc3 d5 4. e5 Nfd7 5. d4 e6 6. Be3 cxd4 7. Bxd4 Nc6 8. Be2 a6 9. a4 Qc7 10. 0-0 Ndxe5 11. Nxe5 Nxe5 12. f4 Nc6 13. Kh1 Bd7 14. f5 Nxd4 15. Qxd4 Qc5 16. Qd3 Be7 17. Bg4 Rc8 18. Rae1 Rc6 19. Qf3 0-0 20. Qh3 Bf6 21. fxe6 Bxc3 22. exf7+ Rxf7 23. bxc3 Qc4 24. Rxf7 Bxg4 25. Qe3 Re6 26. Rxg7+ Kxg7 27. Qg5+ Kf7 28. Rb1 Re7 29. Qh6 Ke8 30. Qg5 Be6 31. Qe5 Qc7 32. Qh8+ Kd7 33. Qd4 Kc8 34. Qh8+ Qd8 35. Qd4 Bf5 36. Qf2 Be4 37. Qc5+ Kb8 38. Qf2 Rg7 39. Rg1 a5 40. Qd2 Qg5 41. Qf2 Bxg2+ 42. Qxg2 Qxg2+ 43. Rxg2 Rxg2 44. Kxg2 b5 45. axb5 a4 0-1

[Event "Odense-ch Mester 5"]
[Site "Odense"]
[Date "2021.10.17"]
[Round "5"]
[White "Saravana, Vedant Kumar"]
[Black "Bonnez, Finn"]
[Result "1/2-1/2"]
[WhiteElo "1912"]
[BlackElo "1945"]
[PlyCount "88"]
[EventDate "2021.10.15"]
[EventType "tourn"]
[EventRounds "5"]
[EventCountry "DEN"]
[SourceTitle "EXT 2025"]
[Source "ChessBase"]
[SourceDate "2024.10.14"]
[SourceVersion "1"]
[SourceVersionDate "2024.10.14"]
[SourceQuality "1"]

1. e4 d6 2. d4 g6 3. Nf3 Bg7 4. Nc3 Nf6 5. Bc4 0-0 6. Bf4 c6 7. Be2 b6 8. Qd2 Ba6 9. Bxa6 Nxa6 10. Bh6 Nc7 11. h4 Qd7 12. 0-0-0 Bxh6 13. Qxh6 Ng4 14. Qd2 h5 15. Nb1 Kg7 16. Qe2 Qe6 17. Nc3 f6 18. Nd2 b5 19. a3 a5 20. f3 Nh6 21. Ncb1 b4 22. Qc4 bxa3 23. Nxa3 Qxc4 24. Ndxc4 Rfb8 25. Ne3 Ra7 26. d5 cxd5 27. Nxd5 Nxd5 28. Rxd5 Nf7 29. Nc4 a4 30. Ra5 Rxa5 31. Nxa5 Rb5 32. Nc6 e6 33. Nd4 Re5 34. Kd2 Nd8 35. Ra1 Ra5 36. b4 Ra8 37. b5 e5 38. Ne2 Nb7 39. Nc3 Nc5 40. b6 Rb8 41. Nxa4 Nxa4 42. Rxa4 Rxb6 43. Ra7+ Kg8 44. Ra8+ Kf7 1/2-1/2

[Event "DEN-ch U14 rapid"]
[Site "Odense"]
[Date "2021.10.01"]
[Round "3"]
[White "Saravana, Vedant Kumar"]
[Black "Hald Falkesgaard, Jeppe"]
[Result "0-1"]
[WhiteElo "1912"]
[BlackElo "1828"]
[PlyCount "62"]
[EventDate "2021.10.01"]
[EventType "swiss"]
[EventRounds "5"]
[EventCountry "DEN"]
[SourceTitle "EXT 2024"]
[Source "ChessBase"]
[SourceDate "2023.10.10"]
[SourceVersion "1"]
[SourceVersionDate "2023.10.10"]
[SourceQuality "1"]

1. e4 c5 2. Nf3 e6 3. d4 cxd4 4. Nxd4 Nc6 5. Nc3 Qc7 6. Be2 a6 7. Be3 Be7 8. Qd2 Nf6 9. f4 d6 10. g4 Nxd4 11. Qxd4 0-0 12. g5 Nd7 13. 0-0-0 b5 14. h4 Qa5 15. h5 b4 16. h6 gxh6 17. Rxh6 f6 18. g6 hxg6 19. Rxg6+ Kf7 20. f5 Ne5 21. Rg2 Rh8 22. Rdg1 bxc3 23. Rg7+ Ke8 24. Rg8+ Rxg8 25. Bh5+ Kd7 26. Rxg8 cxb2+ 27. Kb1 Rb8 28. Be8+ Kc7 29. c3 Qxa2+ 30. Kxa2 b1Q+ 31. Ka3 Qb3# 0-1